MARC
LEADER
00000nam0a2200000 4500
001
283875
005
20231101235635.0
035
|a (RuTPU)RU\TPU\book\308012
090
|a 283875
100
|a 20150211d1959 k y0rusy50 ca
101
0
|a rus
102
|a RU
105
|a ab z 001zy
200
1
|a Стратиграфия нижней части нижнего карбона Волго - Уральской области Русской платформы
|f Всесоюзный научно-исследовательский геологоразведочный нефтяной институт (ВНИГНИ) ; под ред. С. В. Семихатовой
210
|a Москва
|c Гостоптехиздат
|d 1959
215
|a 245 с.
|c ил.
225
1
|a Труды ВНИГРИ
|v Вып. XIV
320
|a Библиография в конце работ.
606
1
|a Карбон
|2 stltpush
|3 (RuTPU)RU\TPU\subj\13833
|9 40385
610
1
|a нижний карбон
610
1
|a Русская платформа
610
1
|a Волго-Уральская провинция
610
1
|a стратиграфия
610
1
|a фауна
610
1
|a фаунистические комплексы
610
1
|a литолого-фациальная характеристика
675
|a 551.735
|v 3
702
1
|a Семихатова
|b С. В.
|4 340
712
0
2
|a Всесоюзный научно-исследовательский геологоразведочный нефтяной институт (ВНИГНИ)
|2 stltpush
|3 (RuTPU)RU\TPU\col\18350
801
1
|a RU
|b 63413507
|c 20150211
801
2
|a RU
|b 63413507
|c 20210522
|g RCR
942
|c BK